| 000 | 00510cam a22001931 4500 | ||
|---|---|---|---|
| 001 | af 47000460 | ||
| 003 | DLC | ||
| 005 | 20260227110802.0 | ||
| 008 | 890525s1943 gw 000 1 ger c | ||
| 010 | _aaf 47000460 | ||
| 035 | _a(OCoLC)19765767 | ||
| 040 |
_aCalifornia. Univ. Libr. _cCU _dDLC |
||
| 042 | _apremarc | ||
| 050 | 0 | 0 |
_aPT2637.A615 _bC5 |
| 100 | 1 |
_aSander, Ulrich, _d1892- |
|
| 245 | 1 | 0 |
_aChristian Heinrich Deep, _broman. |
| 260 |
_aBerlin, _bÄhrenlese verlag, _c1943. |
||
| 300 |
_a331 p. _c20 cm. |
||
| 999 |
_c807 _d807 |
||